[Event "Welsh Under 50 2025"]
[Site "?"]
[Date "2025.09.28"]
[Round "5.3"]
[White "Jukes, Sam"]
[Black "Turner, George"]
[Result "1/2-1/2"]
[Annotator "Home"]
[WhiteElo "1930"]
[BlackElo "1919"]
[WhiteFideId "-1"]
[PlyCount "87"]
[GameId "2248219108465148"]
[EventDate "2025.??.??"]

{[%evp 0,87,17,20,19,11,39,40,33,34,32,22,27,45,47,26,56,50,41,42,41,29,45,9,88,83,90,109,121,124,120,97,83,77,78,71,52,36,8,24,87,106,77,85,94,66,158,90,89,113,156,114,126,112,134,101,136,146,196,100,154,93,98,127,89,81,115,25,157,92,81,66,77,67,93,72,78,35,56,10,9,-96,0,-1,-69,-16,-90,-41,-50,-137]} 1. d4 Nf6 2. c4 g6 3. Nc3 Bg7 4. e4 d6 5. Nf3 O-O 6. Be2 e5 7. Be3 Ng4 8. Bg5 f6 9. Bh4 Nc6 10. dxe5 dxe5 11. Qxd8 Rxd8 12. Nd5 g5 13. Bg3 Rb8 14. O-O-O Nh6 15. Ne7+ Kf7 16. Nxc6 Rxd1+ 17. Rxd1 bxc6 18. h4 g4 19. Nd2 Be6 20. f4 gxf3 21. gxf3 Bf8 22. Bf2 Rd8 23. Nb3 Rxd1+ 24. Kxd1 a6 25. c5 Bxb3+ 26. axb3 a5 27. Kd2 Ke8 28. Kd3 Nf7 29. Kc4 Nd8 30. Bf1 Ne6 31. Bh3 Nf4 32. Bf5 h6 33. Bc8 Kd8 34. Ba6 Ne6 35. b4 axb4 36. Kxb4 Nd4 37. Bxd4 exd4 38. Kc4 d3 39. Kd4 d2 40. Be2 f5 41. e5 Be7 42. f4 Bxh4 43. Ke3 Bg3 44. Bd1 1/2-1/2

[Event "Welsh Under 50 2025"]
[Site "?"]
[Date "2025.09.28"]
[Round "5.4"]
[White "Browse, Joseph"]
[Black "Tye, Jack"]
[Result "1-0"]
[Annotator "Home"]
[WhiteElo "1815"]
[BlackElo "1682"]
[WhiteFideId "-1"]
[PlyCount "67"]
[GameId "2248219167689230"]
[EventDate "2025.??.??"]

{[%evp 0,67,18,23,15,11,14,21,25,64,26,-5,25,21,24,30,22,18,23,-18,22,-51,0,-21,64,31,102,-16,101,81,88,87,102,93,78,60,54,67,122,-30,114,62,34,108,96,108,-26,69,36,55,-13,29,37,34,-36,63,45,0,88,20,72,65,66,94,95,58,94,50,29999,29999]} 1. d4 d5 2. Nf3 Nf6 3. c4 c6 4. Nc3 e6 5. g3 Bd6 6. Bg2 O-O 7. O-O Nbd7 8. Qd3 Re8 9. e4 dxe4 10. Nxe4 Nxe4 11. Qxe4 Nf6 12. Qc2 Rb8 13. Rd1 Qe7 14. b3 Bd7 15. Bb2 Rec8 16. h4 b5 17. Rac1 a5 18. Ne5 b4 19. Bf3 c5 20. Rd2 cxd4 21. Bxd4 Bc5 22. Rcd1 Be8 23. h5 h6 24. Rd3 Bxd4 25. Rxd4 Rc5 26. Qe2 Qc7 27. Ng4 Nxg4 28. Bxg4 Qe5 29. Qf3 Rcc8 30. Qd3 Bc6 31. Bf3 Bxf3 32. Qxf3 Kf8 33. Rd7 Rc7 34. Qxf7# 1-0

[Event "Welsh Under 50 2025"]
[Site "?"]
[Date "2025.09.28"]
[Round "5.5"]
[White "Kong, Emma Zihan"]
[Black "Wilkins, Zack"]
[Result "1-0"]
[Annotator "Home"]
[WhiteElo "1833"]
[BlackElo "1644"]
[WhiteFideId "-1"]
[PlyCount "79"]
[GameId "2248219212102176"]
[EventDate "2025.??.??"]

{[%evp 0,79,22,16,15,20,32,17,15,10,6,-9,10,-6,25,-5,34,24,11,-19,35,31,-18,35,56,31,23,27,90,34,62,2,70,63,62,38,158,23,176,118,143,176,132,158,204,169,271,324,327,320,348,319,380,322,367,222,262,440,327,117,248,245,288,249,236,249,287,330,588,464,607,645,697,718,728,752,775,683,742,649,703,730]} 1. d4 Nf6 2. c4 g6 3. g3 c6 4. Bg2 d5 5. Nc3 Bg7 6. Nf3 O-O 7. O-O Bf5 8. Nh4 Be6 9. Nf3 Ne4 10. cxd5 Nxc3 11. bxc3 cxd5 12. Ng5 Bf5 13. Qb3 h6 14. Qxb7 Nd7 15. e4 dxe4 16. Nxe4 Qa5 17. Qb2 e5 18. Rd1 Rab8 19. Qa3 Qb6 20. Be3 Qc7 21. d5 Bxe4 22. Bxe4 f5 23. d6 Qc8 24. Bd5+ Kh7 25. Bxa7 Ra8 26. Bxa8 Qxa8 27. Bc5 Qf3 28. c4 Qh5 29. f4 exf4 30. Bd4 Qe2 31. Qd3 Bxd4+ 32. Qxd4 Ne5 33. Qf2 Nf3+ 34. Kg2 Nh4+ 35. gxh4 f3+ 36. Kg1 Qxc4 37. Qxf3 Rd8 38. Qb7+ Kh8 39. Qb2+ Kh7 40. Qd4 1-0

[Event "Welsh Under 50 2025"]
[Site "?"]
[Date "2025.09.28"]
[Round "5.6"]
[White "Richards, Gareth"]
[Black "Murthy, Arush"]
[Result "1-0"]
[Annotator "Home"]
[WhiteElo "1560"]
[BlackElo "1594"]
[WhiteFideId "-1"]
[WhiteFideId "-1"]
[PlyCount "91"]
[GameId "2248219263285810"]
[EventDate "2025.??.??"]

{[%evp 0,91,9,21,25,18,25,1,39,11,18,9,19,6,21,1,7,14,0,-24,-5,-29,6,-25,41,74,25,13,29,59,44,38,51,0,27,177,-13,-41,-16,-37,169,192,215,243,237,191,223,246,285,246,427,432,517,546,660,218,367,410,416,458,450,471,471,428,527,430,492,450,448,418,521,405,525,314,313,382,317,391,304,295,289,270,273,239,257,215,253,345,247,288,29997,29998,29999,29999]} 1. e4 c5 2. Nf3 d6 3. d4 cxd4 4. Nxd4 Nf6 5. Bd3 e5 6. Nb3 Be7 7. Nc3 Be6 8. Be3 O-O 9. Qd2 a6 10. O-O Nbd7 11. Nd5 b5 12. a4 Bxd5 13. exd5 bxa4 14. Rxa4 Nb6 15. Bxb6 Qxb6 16. Qa5 Qxa5 17. Rxa5 Rfc8 18. Nd2 Bd8 19. Ra3 Nxd5 20. Be4 Nb4 21. Bxa8 Rxa8 22. c3 Nd3 23. b4 g6 24. Rfa1 Bb6 25. Rxa6 Bxf2+ 26. Kf1 Rc8 27. Rxd6 Rxc3 28. Ne4 Rb3 29. Nxf2 Nxf2 30. Kxf2 Rxb4 31. Ra7 Rf4+ 32. Ke3 Kg7 33. Re7 Rf5 34. g4 Rf4 35. h3 Rf1 36. Rxe5 Rh1 37. Rd7 Rxh3+ 38. Kf4 Rh1 39. Ree7 Rf1+ 40. Ke5 Rf2 41. Kd6 Rf4 42. g5 Rf5 43. Re5 Rf2 44. Ke7 f5 45. Kd8+ Kf8 46. Re8# 1-0

[Event "Welsh Under 50 2025"]
[Site "?"]
[Date "2025.09.28"]
[Round "5.7"]
[White "Zhuravlev, Andrei"]
[Black "Walker, Elmira"]
[Result "0-1"]
[Annotator "Home"]
[WhiteElo "1430"]
[BlackElo "1794"]
[WhiteFideId "-1"]
[WhiteFideId "-1"]
[PlyCount "76"]
[GameId "2248219306728004"]
[EventDate "2025.??.??"]

{[%evp 0,76,13,28,33,85,27,31,29,7,13,11,10,9,22,18,29,28,31,32,56,-16,1,-13,-3,-27,-52,-30,-16,-62,-32,-34,-6,-25,-33,-54,-74,-64,-38,-34,-71,-44,-40,-105,-105,-113,-9,24,-14,-61,-70,-20,-47,-49,-19,-82,-41,-42,-92,-131,-100,-143,-140,-228,-195,-388,-405,-1084,-1158,-1215,-259,-458,-373,-499,-539,-537,-495,-518,-528]} 1. e4 c6 2. d4 d5 3. e5 Bf5 4. Bd3 Bxd3 5. Qxd3 e6 6. Nf3 Ne7 7. Nbd2 Nf5 8. Nb3 Nd7 9. O-O Be7 10. Bf4 O-O 11. Rfe1 Rc8 12. Be3 c5 13. dxc5 Nxc5 14. Nxc5 Bxc5 15. Bxc5 Rxc5 16. c3 Qc7 17. Nd4 Nxd4 18. Qxd4 b6 19. Re3 Rc4 20. Qd3 Rc8 21. Rh3 g6 22. Re1 Qe7 23. Qd2 Rh4 24. Ree3 Rcc4 25. Rxh4 Rxh4 26. Qd3 Qg5 27. h3 Kg7 28. Qa6 Re4 29. Rxe4 dxe4 30. Qxa7 Qc1+ 31. Kh2 Qxb2 32. Qe7 Qxf2 33. a4 e3 34. Qf6+ Qxf6 35. exf6+ Kxf6 36. Kg1 Ke5 37. Kf1 Kd5 38. Ke2 Kc4 0-1

[Event "Welsh Under 50 2025"]
[Site "?"]
[Date "2025.09.28"]
[Round "5.8"]
[White "Zheng, Lucas"]
[Black "Belochkin, David"]
[Result "1-0"]
[Annotator "Home"]
[WhiteElo "1635"]
[BlackElo "1585"]
[WhiteFideId "-1"]
[WhiteFideId "-1"]
[PlyCount "65"]
[GameId "2248219366546006"]
[EventDate "2025.??.??"]

{[%evp 0,65,14,22,29,48,20,39,26,29,22,34,34,12,96,69,79,70,195,89,107,65,106,34,86,11,58,10,189,81,266,201,102,81,-1,101,88,-18,79,26,-94,-51,-89,44,-13,103,85,-38,90,-24,120,89,-1,-24,62,26,-60,-46,117,-40,317,302,536,376,29997,29998,29999,29999]} 1. e4 c5 2. Nf3 Nc6 3. d4 cxd4 4. Nxd4 g6 5. Nc3 Bg7 6. Be3 Qc7 7. f3 a6 8. Qd2 d6 9. g4 Nf6 10. O-O-O h5 11. gxh5 Nxh5 12. f4 Bg4 13. Re1 O-O-O 14. Nd5 Qb8 15. Nxc6 bxc6 16. Bxa6+ Kd7 17. Nb6+ Ke8 18. Bd4 Kf8 19. h3 Be6 20. Bc4 Bxc4 21. Nxc4 d5 22. Bxg7+ Kxg7 23. exd5 cxd5 24. Ne5 Qc8 25. Qd4 f6 26. Ng4 Kf7 27. Ne3 Ng3 28. Rhg1 Rxh3 29. Qb4 Ne4 30. Nxd5 Rxd5 31. Qxe4 Qd7 32. Qxg6+ Kf8 33. Qg8# 1-0

[Event "Welsh Under 50 2025"]
[Site "?"]
[Date "2025.09.28"]
[Round "5.9"]
[White "Jones, Archie"]
[Black "James, Lucas"]
[Result "0-1"]
[Annotator "Home"]
[WhiteElo "1450"]
[BlackElo "1659"]
[WhiteFideId "-1"]
[WhiteFideId "-1"]
[PlyCount "104"]
[GameId "2248219429345896"]
[EventDate "2025.??.??"]

{[%evp 0,104,22,19,19,18,40,28,45,18,48,14,19,25,40,29,31,-6,42,5,-24,-18,-18,-27,-38,-41,-35,-70,-111,-91,-79,-58,-82,-90,-37,-83,-78,-131,-135,-225,-221,-257,-236,-252,-201,-305,-58,-126,-147,-137,-62,-138,-24,-97,-86,-118,12,-173,-112,-203,-121,-168,-198,-182,-153,-46,-120,-201,-200,-152,-232,-324,-177,-211,-277,-214,-225,-252,-194,-161,-13,-260,-239,-288,-382,-488,-571,-539,-546,-487,-515,-633,-672,-641,-672,-718,-682,-1004,-673,-731,-801,-818,-961,-1236,-1023,-1243,-1400]} 1. d4 Nf6 2. c4 g6 3. Nf3 Bg7 4. g3 O-O 5. Bg2 d6 6. O-O Nbd7 7. Nc3 c6 8. Qb3 Rb8 9. Bd2 b5 10. cxb5 cxb5 11. Rac1 b4 12. Na4 a5 13. Qd3 Nb6 14. Nxb6 Qxb6 15. Rfe1 Ba6 16. Qb3 Rfc8 17. Bg5 Rxc1 18. Rxc1 Bxe2 19. Bxf6 Bxf6 20. d5 Ba6 21. Rc6 Qb7 22. Qc2 Rc8 23. Nd2 Rxc6 24. dxc6 Qc7 25. Bf1 Bxf1 26. Kxf1 e6 27. Ne4 Bd8 28. Ke2 Kf8 29. Kf3 Ke7 30. Ng5 h6 31. Nh7 d5 32. Qc5+ Qd6 33. Qa7+ Bc7 34. Qa8 Qd8 35. Qb7 d4 36. Qb5 d3 37. Qc5+ Qd6 38. Qxd6+ Bxd6 39. Ke3 f5 40. f4 Kf7 41. Kxd3 Kg7 42. Ng5 hxg5 43. fxg5 Kf7 44. Kc4 Bc7 45. Kc5 e5 46. Kd5 e4 47. Kd4 Ke6 48. g4 Bxh2 49. gxf5+ Kxf5 50. Ke3 Bc7 51. b3 Bb6+ 52. Ke2 Kxg5 0-1